| 000 | 00823nam a2200253 i 4500 | ||
|---|---|---|---|
| 001 | 11655 | ||
| 003 | ES-MaACL | ||
| 005 | 20250808062712.0 | ||
| 007 | t| | ||
| 008 | 961001s1997 sp ||||1| spa d | ||
| 020 | _a84-7914-271-5 | ||
| 080 | _a225.05=75 | ||
| 080 | _a225.05=60 | ||
| 130 | 0 |
_aBiblia. _pN.T. _lGriego-Español. _9119308 |
|
| 245 | 1 | 0 |
_aNuevo Testamento griego-español / _cedición preparada por José O'Callaghan. |
| 260 |
_aMadrid : _bBiblioteca de Autores Cristianos, _c1997. |
||
| 300 |
_aXX, 1485 p. ; _c20 cm. |
||
| 490 | 1 |
_aBiblioteca de autores cristianos ; _v574 |
|
| 500 | _aTexto en griego y español. | ||
| 700 | 1 |
_aO'Callaghan, José, _d1922-2001 _9140205 |
|
| 830 | 0 | 0 |
_aBiblioteca de autores cristianos _v574 _9178679 |
| 852 |
_aES-MaACL _jJ-561 _bR.46092 |
||
| 999 |
_c11655 _d11655 |
||